000 00356nam a22001457a 4500
020 _a978-0-13-357684-9
082 _a658.4038
100 _aLaudon, Kenneth C.
245 _aEssentials of Management Information System
250 _a11th
260 _a Harlow:
_bPearson,
_c2015
300 _a501p.: ill.; 28cm
700 _aLaudon, Jane P.
942 _cBK
999 _c22214
_d22214